[Event "AUTO-INT-609"]
[Site "http://www.queenalice.com/game.php?id=268929"]
[Date "2007.9.9"]
[Round "1"]
[White "kynyo"]
[Black "kiko_rs"]
[Result "1-0"]
[WhiteElo "1600"]
[BlackElo "1359"]

1. e4 e5 2. Nf3 Nc6 3. d4 f6 4. d5 Nb4 5. c3 Nxd5 6. Qxd5 Ne7 7. Qb3 Ng6 8. Bc4
Nf4 9. Bxf4 exf4 10. Bf7+ Ke7 11. O-O d6 12. Re1 Qd7 13. c4 Kxf7 14. c5+ Ke8 15.
Rd1 Qe7 16. Qb5+ Bd7 17. Qxb7 Qd8 18. Qd5 c6 19. Qc4 Bg4 20. cxd6 Bxf3 21. Qxc6+
Kf7 22. Qd5+ Kg6 23. Qf5+ Kf7 24. e5 g6 25. e6+ Kg8 26. Qd3 1-0

[Event "AUTO-INT-609"]
[Site "http://www.queenalice.com/game.php?id=268930"]
[Date "2007.9.9"]
[Round "1"]
[White "kiko_rs"]
[Black "kynyo"]
[Result "0-1"]
[WhiteElo "1514"]
[BlackElo "1610"]

1. d4 d5 2. c4 Nf6 3. cxd5 Nxd5 4. e4 Nb6 5. Nc3 e6 6. d5 exd5 7. exd5 Bd6 8.
Nf3 O-O 9. Bd3 Re8+ 10. Be3 N8d7 11. O-O h6 12. g3 Nf6 13. Bb5 Bd7 14. Nh4 Ng4
15. Bd4 c6 16. dxc6 bxc6 17. Bxc6 Bxc6 18. Qxg4 Be5 19. Bxe5 Rxe5 20. Rae1 Rxe1
21. Rxe1 Qd2 22. Re2 Qc1+ 23. Nd1 Qxd1+ 0-1

[Event "AUTO-OPEN-836"]
[Site "http://www.queenalice.com/game.php?id=274705"]
[Date "2007.9.20"]
[Round "1"]
[White "nathanielfast"]
[Black "kynyo"]
[Result "1-0"]
[WhiteElo "1904"]
[BlackElo "1622"]

1. e4 e5 2. Nf3 d6 3. d4 exd4 4. Qxd4 Nc6 5. Bb5 Bd7 6. Bxc6 Bxc6 7. Nc3 Nf6 8.
Bg5 Be7 9. O-O-O O-O 10. h4 h6 11. e5 Nh7 12. Bxe7 Qxe7 13. exd6 cxd6 14. Qxd6
Qxd6 15. Rxd6 Nf6 16. Nd4 Bxg2 17. Rg1 Bh3 18. Rxf6 g6 19. Rd6 h5 20. Rg3 Bc8
21. Nd5 Kg7 22. f4 Bg4 23. f5 Rae8 24. f6+ Kh7 25. Ne7 Rd8 26. Rxd8 Rxd8 27. c3
a6 28. Rg1 Rd6 29. Rf1 Rb6 30. Rf4 a5 31. Nf3 Bxf3 32. Rxf3 Re6 33. Rf4 Re5 34.
Kc2 Re6 35. Nd5 Re2+ 36. Kb3 Re5 37. c4 b5 38. Nc3 bxc4+ 39. Kxc4 Re6 40. a3 Kh6
41. b4 g5 42. hxg5+ Kxg5 43. Nd5 axb4 44. axb4 h4 45. Rf1 h3 46. b5 Kg4 47. b6
Re8 48. Nc7 Rb8 49. Kc5 Kg3 50. Kc6 Kg2 51. Ra1 h2 52. b7 h1=Q 53. Rxh1 Kxh1 54.
Na6 Rxb7 55. Kxb7 Kg2 56. Kc7 1-0

[Event "AUTO-OPEN-836"]
[Site "http://www.queenalice.com/game.php?id=274706"]
[Date "2007.9.20"]
[Round "1"]
[White "kynyo"]
[Black "nathanielfast"]
[Result "0-1"]
[WhiteElo "1617"]
[BlackElo "1919"]

1. e4 c5 2. Nc3 g6 3. Bc4 Bg7 4. Nf3 e6 5. O-O Ne7 6. d4 cxd4 7. Nxd4 Nbc6 8.
Nxc6 bxc6 9. Bg5 d5 10. exd5 cxd5 11. Bb3 O-O 12. Rb1 Qc7 13. Nb5 Qd7 14. a4 h6
15. Be3 Nf5 16. Bc5 Rd8 17. c3 a6 18. Nd4 Nd6 19. Nf3 Rb8 20. Ba2 a5 21. Re1 Ba6
22. Bd4 Nc4 23. Bxc4 Bxc4 24. Bxg7 Kxg7 25. Ne5 Qc7 26. Qd4 Qb6 27. Qf4 Qc7 28.
Qh4 g5 29. Qh5 Bb3 30. Re2 d4 31. Ng4 Rh8 32. cxd4 Rb4 33. Re3 Qc2 34. Ree1 Rxd4
35. Rec1 Qe2 36. f3 Rd2 37. Qh3 h5 38. Re1 Qd3 39. Ne5 Qd4+ 40. Kh1 Bd5 41. Qg3
f6 42. Nc6 Bxc6 43. Rxe6 Rc8 44. Re7+ Kg6 45. Rbe1 Rd1 46. h3 Rxe1+ 47. Rxe1 Bd7
48. Re4 Rc1+ 49. Re1 h4 50. Qxh4 gxh4 51. Rxc1 Qxb2 52. Rc4 Qf2 53. Rg4+ Bxg4
54. hxg4 Kg5 55. Kh2 h3 0-1

[Event "AUTO-OPEN-836"]
[Site "http://www.queenalice.com/game.php?id=274741"]
[Date "2007.9.20"]
[Round "1"]
[White "kynyo"]
[Black "wonderknight"]
[Result "1-0"]
[WhiteElo "1465"]
[BlackElo "1466"]

1. e4 c5 2. Nc3 Nc6 3. Nf3 d6 4. h3 Nf6 5. Bb5 Bd7 6. O-O a6 7. Bxc6 Bxc6 8. Re1
e5 9. d3 b5 10. Bg5 Be7 11. Nh4 h6 12. Bxf6 Bxf6 13. Nf5 g6 14. Ne3 Bg7 15. Ncd5
f5 16. exf5 Rf8 17. fxg6 Ra7 18. Qh5 Qg5 19. Qxg5 hxg5 20. Rab1 Kd7 21. c4 Ke6
22. b3 Be8 23. Ng4 Bxg6 24. Rbd1 Be8 25. Re2 Bh5 26. Rde1 Raf7 27. b4 Bg6 28.
bxc5 bxc4 29. dxc4 Bd3 30. Rc2 Bxc2 31. c6 Ba4 32. c7 Bc6 33. Rc1 Bxd5 34. cxd5+
Kd7 35. a4 Rc8 36. Ne3 Rxc7 37. Rb1 Rf4 38. Ra1 e4 39. Ra2 Bd4 40. Re2 Bxe3 41.
fxe3 Rc1+ 42. Kh2 Rff1 43. Kg3 Ra1 44. Kg4 Rxa4 45. Kxg5 Raa1 46. h4 Ke8 47. h5
Kf7 48. h6 Rh1 49. Rf2+ Kg8 50. Rf6 1-0

[Event "AUTO-OPEN-836"]
[Site "http://www.queenalice.com/game.php?id=274742"]
[Date "2007.9.20"]
[Round "1"]
[White "wonderknight"]
[Black "kynyo"]
[Result "0-1"]
[WhiteElo "1350"]
[BlackElo "1583"]

1. e4 e5 2. Nf3 d6 3. d4 Bg4 4. dxe5 Bxf3 5. Qxf3 dxe5 6. Qb3 b6 7. Bc4 Qf6 8.
Nc3 Bc5 9. f3 Ne7 10. h4 O-O 11. Bg5 Qg6 12. g4 Nec6 13. Bd3 Nd4 0-1

[Event "AUTO-INT-623"]
[Site "http://www.queenalice.com/game.php?id=275003"]
[Date "2007.9.21"]
[Round "1"]
[White "Xavier"]
[Black "kynyo"]
[Result "0-1"]
[WhiteElo "1684"]
[BlackElo "1571"]

1. d4 d5 2. Nc3 Nf6 3. Bf4 a6 4. Qd2 e6 5. Nb5 axb5 6. e3 c6 7. Bd3 Bd6 8. Nf3
O-O 9. O-O Bxf4 10. exf4 Re8 11. Ng5 h6 12. Nf3 Nbd7 13. f5 e5 14. dxe5 Nxe5 15.
Nxe5 Rxe5 16. a3 Bxf5 17. f4 Qb6+ 18. Kh1 Bxd3 19. cxd3 Rh5 20. h3 Re8 21. Qd1
Qd4 22. b4 Re3 23. Rf3 Rxf3 24. Qxf3 Qxa1+ 25. Kh2 Qxa3 26. g4 Nxg4+ 27. Qxg4 g6
28. f5 Rxf5 29. Qh4 Qb2+ 30. Kg3 Rg5+ 31. Kf3 Qf6+ 0-1

[Event "AUTO-INT-623"]
[Site "http://www.queenalice.com/game.php?id=275004"]
[Date "2007.9.21"]
[Round "1"]
[White "kynyo"]
[Black "Xavier"]
[Result "0-1"]
[WhiteElo "1591"]
[BlackElo "1695"]

1. e4 Nc6 2. Nf3 e5 3. d4 exd4 4. Nxd4 Qh4 5. Nc3 Bc5 6. Be3 d6 7. g3 Qe7 8.
Nxc6 bxc6 9. Bxc5 dxc5 10. Bg2 Nh6 11. O-O O-O 12. h3 Ba6 13. Re1 Rad8 14. Qf3
Rb8 15. b3 c4 16. e5 Qe6 17. Ne4 Qxe5 18. Nd2 Qf6 19. Qxf6 gxf6 20. Bxc6 c3 21.
Ne4 Rb6 22. Ba4 Nf5 23. Nxc3 Nd4 24. Rac1 Nf3+ 25. Kg2 Nxe1+ 26. Rxe1 Rd6 27.
Re7 Bb7+ 28. Kf1 Rd2 29. b4 Bc8 30. Kg2 Bb7+ 31. Ne4 f5 32. Rxc7 Bxe4+ 33. Kf1
a6 34. Ra7 Rd4 35. a3 Rfd8 36. Rxa6 Rd1+ 37. Ke2 Ra1 38. Bb3 Kg7 39. f3 Bb7 40.
Rb6 Rb8 41. Kf2 Rxa3 42. f4 Ra7 43. c4 Ra3 44. Bd1 Ra2+ 45. Ke3 Rg2 46. g4 fxg4
47. hxg4 Re8+ 0-1

[Event "AUTO-INT-623"]
[Site "http://www.queenalice.com/game.php?id=275017"]
[Date "2007.9.21"]
[Round "1"]
[White "marcosbratz"]
[Black "kynyo"]
[Result "0-1"]
[WhiteElo "1627"]
[BlackElo "1593"]

1. d4 d5 2. c4 Nf6 3. e3 Nc6 4. Nf3 Bg4 5. Be2 e6 6. O-O Qd7 7. Ne5 Nxe5 8. dxe5
Bxe2 9. Qxe2 Ne4 10. Rd1 O-O-O 11. f3 Nc5 12. e4 Qc6 13. Na3 a6 14. Bg5 Rd7 15.
Rd4 Be7 16. cxd5 exd5 17. exd5 Rxd5 18. Rxd5 Bxg5 19. Rad1 Be7 20. b4 Ne6 21. b5
axb5 22. Nxb5 Bc5+ 23. Kh1 Nf4 24. Rd8+ Rxd8 25. Rxd8+ Kxd8 26. Qd2+ Nd5 27. g4
Kc8 28. Nd4 Bxd4 29. Qxd4 Nc3 30. Qa7 Qxf3+ 31. Kg1 Ne2# 0-1

[Event "AUTO-INT-623"]
[Site "http://www.queenalice.com/game.php?id=275018"]
[Date "2007.9.21"]
[Round "1"]
[White "kynyo"]
[Black "marcosbratz"]
[Result "1-0"]
[WhiteElo "1597"]
[BlackElo "1620"]

1. e4 e5 2. Nf3 Nc6 3. d4 exd4 4. Nxd4 d6 5. Nxc6 bxc6 6. Nc3 Nf6 7. Bg5 Be7 8.
Bxf6 Bxf6 9. Be2 O-O 10. O-O Bxc3 11. bxc3 Re8 12. Bf3 Ba6 13. Re1 Re5 14. a4
Qg5 15. Rb1 Rd8 16. Rb4 c5 17. Rb2 Bc4 18. Rb7 d5 19. exd5 Rxe1+ 20. Qxe1 g6 21.
Rxc7 Bxd5 22. Bxd5 Qxd5 23. g3 a5 24. Re7 Kg7 25. Re4 f5 26. Re7+ Kf6 27. Rxh7
Qd1 28. Kf1 Qxe1+ 29. Kxe1 Re8+ 30. Kd2 c4 31. Rb7 Kg5 32. Rb5 Ra8 33. Rc5 Rd8+
34. Ke2 Re8+ 35. Kf3 Kf6 36. Rxa5 Kg5 37. Rc5 Re4 38. a5 Re1 39. Rxc4 Rc1 40. a6
Ra1 41. Rc6 Ra4 42. c4 Ra3+ 43. Kg2 Ra5 44. f4+ Kh6 45. h4 Kh5 46. Kh3 Ra3 47.
c5 Ra5 48. c3 Ra4 49. Rb6 Re4 50. a7 Ra4 51. Rb7 1-0

[Event "AUTO-INT-623"]
[Site "http://www.queenalice.com/game.php?id=275027"]
[Date "2007.9.21"]
[Round "1"]
[White "kynyo"]
[Black "zxguttixz"]
[Result "1-0"]
[WhiteElo "1614"]
[BlackElo "1340"]

1. e4 e5 2. Nf3 Nc6 3. d4 exd4 4. Nxd4 Nf6 5. Nxc6 bxc6 6. Bd3 Bc5 7. h3 O-O 8.
O-O d5 9. Re1 dxe4 10. Bxe4 Nxe4 11. Qxd8 Bxf2+ 12. Kf1 Rxd8 13. Rxe4 f5 14. Re2
Bh4 15. Nc3 Ba6 16. Bf4 Bxe2+ 17. Kxe2 Re8+ 18. Kf3 Re1 19. Rxe1 Bxe1 20. Ne2
Kf7 21. Bxc7 Re8 22. Bd6 Kf6 23. c3 f4 24. Nxf4 Kf5 25. g4+ Kg5 26. Nd3 Bd2 27.
Ne5 Re6 28. Bb8 Rf6+ 29. Ke4 Bf4 30. Nf3+ Kg6 31. Bxf4 Kf7 32. Ke5 h6 33. h4
Re6+ 34. Kd4 Rf6 35. Ne5+ Ke6 36. Ke4 c5 37. g5 Rf5 38. a3 1-0

[Event "AUTO-INT-623"]
[Site "http://www.queenalice.com/game.php?id=275028"]
[Date "2007.9.21"]
[Round "1"]
[White "zxguttixz"]
[Black "kynyo"]
[Result "0-1"]
[WhiteElo "1531"]
[BlackElo "1579"]

1. e4 e5 2. Nf3 d6 3. Bc4 h6 4. O-O Nf6 5. d3 Be7 6. Nc3 O-O 7. d4 exd4 8. Nxd4
c6 9. Nf5 Bxf5 10. exf5 d5 11. Bd3 Nbd7 12. Qf3 Re8 13. Qg3 Kh7 14. Bf4 Nc5 15.
h4 Nxd3 16. cxd3 Nh5 17. Qg4 Nxf4 18. Qxf4 Bxh4 19. g3 Bg5 20. Qg4 Qb6 21. Rfe1
Qxb2 22. f6 Bxf6 23. Qf5+ Kh8 24. Qd7 Rxe1+ 25. Rxe1 Qxc3 26. Re8+ Rxe8 27.
Qxe8+ Kh7 28. Qxf7 Qb2 29. Qh5 Qb1+ 30. Kg2 Qxd3 31. a3 b5 32. Qg4 Qxa3 33. Qf5+
Kg8 34. Qe6+ Kh7 35. Qf5+ Kg8 36. Qc8+ Qf8 37. Qxc6 Qb8 38. Qxd5+ Kh8 39. Qb3 a5
0-1

[Event "Challenge"]
[Site "http://www.queenalice.com/game.php?id=405638"]
[Date "2008.5.20"]
[Round "-"]
[White "kynyo"]
[Black "Chesstiger"]
[Result "0-1"]
[WhiteElo "1435"]
[BlackElo "1530"]

1. e4 e5 2. Nf3 Nc6 3. d4 exd4 4. Nxd4 Nge7 5. Nxc6 Nxc6 6. Bc4 Bc5 7. O-O d6 8.
Qf3 Ne5 9. Qb3 O-O 10. Be2 b6 11. Be3 Be6 12. c4 Bxe3 13. Qxe3 Bxc4 0-1